000 00555nam a22001577a 4500
003 OSt
005 20151201095255.0
008 151201b xxu||||| |||| 00| 0 eng d
040 _cRUA
082 _aFIS AN 1999 B171 Or.1
100 _94053
_aAN NAN
245 _aFish refuge community management in svay rieng province, ការ​គ្រប់គ្រងជំរកត្រីជាសហគមន៍ ក្នុងខេត្តស្វាយរៀង.
260 _aPhnom Penh
_bRUA
_c1999
300 _a55p.
_bill.
_c29cm.
942 _2ddc
_cFIS
999 _c3772
_d3772